[Event "CZE-ch U16"]
[Site "Harrachov"]
[Date "2024.11.01"]
[Round "8"]
[White "Svadlenka, Dominik"]
[Black "Stein, Michael1"]
[Result "1/2-1/2"]
[WhiteElo "1870"]
[BlackElo "1990"]
[PlyCount "69"]
[EventDate "2024.10.26"]
[EventType "swiss"]
[EventRounds "9"]
[EventCountry "CZE"]
[SourceTitle "CB45_2024"]
[Source "ChessBase"]
[SourceDate "2024.11.06"]
[SourceVersion "1"]
[SourceVersionDate "2024.11.06"]
[SourceQuality "1"]

1. d4 d5 2. c4 e6 3. Nc3 c5 4. cxd5 exd5 5. Nf3 Nf6 6. g3 Nc6 7. Bg2 Be7 8. 0-0 0-0 9. dxc5 Bxc5 10. Na4 Be7 11. Be3 Ne4 12. Rc1 Bf6 13. b3 Re8 14. Nd4 Nxd4 15. Bxd4 Bf5 16. e3 b6 17. Bxf6 Nxf6 18. Nc3 Be6 19. Nb5 Re7 20. Nd4 Rc7 21. Rxc7 Qxc7 22. Qa1 Rc8 23. a4 a6 24. h4 Nd7 25. Ne2 Nf6 26. Rc1 Qd7 27. Nd4 Rxc1+ 28. Qxc1 Qc8 29. Qxc8+ Bxc8 30. b4 Kf8 31. Kf1 Ke7 32. Ke2 Kd6 33. Kd3 Ng4 34. f3 Ne5+ 35. Kc3 1/2-1/2

[Event "CZE-ch U16"]
[Site "Harrachov"]
[Date "2024.10.31"]
[Round "7"]
[White "Bubela, Alexander Georg"]
[Black "Svadlenka, Dominik"]
[Result "0-1"]
[WhiteElo "1738"]
[BlackElo "1870"]
[PlyCount "100"]
[EventDate "2024.10.26"]
[EventType "swiss"]
[EventRounds "9"]
[EventCountry "CZE"]
[SourceTitle "CB45_2024"]
[Source "ChessBase"]
[SourceDate "2024.11.06"]
[SourceVersion "1"]
[SourceVersionDate "2024.11.06"]
[SourceQuality "1"]

1. d4 Nf6 2. c4 e6 3. Nf3 b6 4. a3 Bb7 5. Nc3 d5 6. cxd5 Nxd5 7. e3 Be7 8. Bb5+ c6 9. Bd3 0-0 10. 0-0 Nd7 11. e4 Nxc3 12. bxc3 Qc7 13. Qe2 Rfd8 14. Re1 h6 15. Be3 Bf6 16. e5 Be7 17. Nd2 Bf8 18. Qg4 Nxe5 19. Qg3 Bd6 20. Bxh6 Ng6 21. Qg4 gxh6 22. Bxg6 fxg6 23. Qxg6+ Qg7 24. Qxe6+ Kh8 25. Nf3 c5 26. Nh4 Bd5 27. Qg6 Qxg6 28. Nxg6+ Kg7 29. Ne7 Bxe7 30. Rxe7+ Kf6 31. Rae1 cxd4 32. cxd4 Bf7 33. R1e4 Re8 34. R7e5 Re6 35. g4 Rg8 36. Kf1 Rg5 37. Rxe6+ Bxe6 38. f3 Ra5 39. Re3 Ra4 40. h4 Rxd4 41. g5+ hxg5 42. hxg5+ Kf5 43. Kf2 Rd6 44. a4 a5 45. g6 Kxg6 46. Kg3 Kf6 47. Re4 Rd3 48. Rh4 Rb3 49. Rh8 Ke5 50. Rb8 Bd5 0-1

[Event "CZE-ch U16"]
[Site "Harrachov"]
[Date "2024.10.30"]
[Round "6"]
[White "Svadlenka, Dominik"]
[Black "Kaplanova, Dominika"]
[Result "1/2-1/2"]
[WhiteElo "1870"]
[BlackElo "1948"]
[PlyCount "61"]
[EventDate "2024.10.26"]
[EventType "swiss"]
[EventRounds "9"]
[EventCountry "CZE"]
[SourceTitle "CB45_2024"]
[Source "ChessBase"]
[SourceDate "2024.11.06"]
[SourceVersion "1"]
[SourceVersionDate "2024.11.06"]
[SourceQuality "1"]

1. d4 Nf6 2. Nc3 d5 3. Bf4 e6 4. Nb5 Na6 5. e3 Be7 6. Nf3 0-0 7. h4 c6 8. Nc3 c5 9. h5 Ne4 10. Nxe4 dxe4 11. Ne5 cxd4 12. exd4 f6 13. Nc4 Nb4 14. Ne3 Nd5 15. Nxd5 exd5 16. c3 Bd6 17. Qd2 Be6 18. Be2 Rc8 19. g3 Qd7 20. Bxd6 Qxd6 21. Qf4 Qxf4 22. gxf4 g5 23. hxg6 hxg6 24. Kd2 Kg7 25. Rh2 Rh8 26. Rah1 a6 27. a4 Rxh2 28. Rxh2 a5 29. Bb5 Rc7 30. b3 Bd7 31. Be2 1/2-1/2

[Event "CZE-ch U16"]
[Site "Harrachov"]
[Date "2024.10.29"]
[Round "5"]
[White "Popov, Roman4"]
[Black "Svadlenka, Dominik"]
[Result "1/2-1/2"]
[WhiteElo "2012"]
[BlackElo "1870"]
[PlyCount "76"]
[EventDate "2024.10.26"]
[EventType "swiss"]
[EventRounds "9"]
[EventCountry "CZE"]
[SourceTitle "CB45_2024"]
[Source "ChessBase"]
[SourceDate "2024.11.06"]
[SourceVersion "1"]
[SourceVersionDate "2024.11.06"]
[SourceQuality "1"]

1. d4 Nf6 2. c4 e6 3. g3 d5 4. Nf3 Be7 5. Bg2 0-0 6. 0-0 dxc4 7. Ne5 Qd6 8. Nxc4 Qa6 9. Ne5 Rd8 10. Qc2 c6 11. Rd1 Nbd7 12. Nc3 Nd5 13. Bd2 Nxe5 14. dxe5 Bd7 15. a3 Nxc3 16. Bxc3 c5 17. Be4 h6 18. Rd2 Bc6 19. Rad1 Rxd2 20. Rxd2 Rd8 21. Rxd8+ Bxd8 22. f4 Be7 23. Kg2 b5 24. Kf3 Kf8 25. Bxc6 Qxc6+ 26. Qe4 Qxe4+ 27. Kxe4 Ke8 28. g4 g6 29. Bd2 Kd7 30. Be1 a6 31. h3 Kc6 32. Bd2 h5 33. gxh5 gxh5 34. f5 exf5+ 35. Kxf5 Kd5 36. e4+ Kc4 37. e6 fxe6+ 38. Kxe6 Bh4 1/2-1/2

[Event "CZE-ch U16"]
[Site "Harrachov"]
[Date "2024.10.28"]
[Round "4"]
[White "Svadlenka, Dominik"]
[Black "Holes, Vojta"]
[Result "1-0"]
[WhiteElo "1870"]
[BlackElo "1579"]
[PlyCount "83"]
[EventDate "2024.10.26"]
[EventType "swiss"]
[EventRounds "9"]
[EventCountry "CZE"]
[SourceTitle "CB45_2024"]
[Source "ChessBase"]
[SourceDate "2024.11.06"]
[SourceVersion "1"]
[SourceVersionDate "2024.11.06"]
[SourceQuality "1"]

1. d4 d5 2. c4 Nc6 3. cxd5 Qxd5 4. Nf3 Nf6 5. Nc3 Qd8 6. h3 Bf5 7. Bf4 e6 8. e3 Bb4 9. Rc1 0-0 10. Be2 Nd5 11. Bg3 Re8 12. 0-0 Bg6 13. a3 Nxc3 14. bxc3 Bxa3 15. Qb3 Bxc1 16. Qxb7 Na5 17. Qa6 Nb3 18. Bb5 Re7 19. Ne5 Qc8 20. Qa2 Nd2 21. Rxc1 Ne4 22. Bh4 f6 23. Nxg6 hxg6 24. Bc6 g5 25. Bxe4 gxh4 26. Bxa8 Qxa8 27. Ra1 c6 28. Qc4 Kf7 29. Qc5 g6 30. Rb1 Rb7 31. Rb4 a5 32. Rxb7+ Qxb7 33. Qxa5 Qb1+ 34. Kh2 Qb8+ 35. f4 g5 36. c4 Kg6 37. Qd2 f5 38. Qf2 Kh5 39. Qf3+ g4 40. hxg4+ fxg4 41. Qxc6 e5 42. Qb5 1-0

[Event "CZE-ch U16"]
[Site "Harrachov"]
[Date "2024.10.26"]
[Round "1"]
[White "Dufkova, Tereza"]
[Black "Svadlenka, Dominik"]
[Result "0-1"]
[WhiteElo "1556"]
[BlackElo "1870"]
[PlyCount "62"]
[EventDate "2024.10.26"]
[EventType "swiss"]
[EventRounds "9"]
[EventCountry "CZE"]
[SourceTitle "CB45_2024"]
[Source "ChessBase"]
[SourceDate "2024.11.06"]
[SourceVersion "1"]
[SourceVersionDate "2024.11.06"]
[SourceQuality "1"]

1. e4 c6 2. d4 d5 3. f3 e6 4. Bd3 dxe4 5. fxe4 Qxd4 6. Nf3 Qd8 7. Nc3 Nd7 8. Be3 Ngf6 9. 0-0 Be7 10. Qe1 Bc5 11. Rd1 Bxe3+ 12. Qxe3 Qb6 13. Qxb6 axb6 14. e5 Nd5 15. Nxd5 cxd5 16. Ng5 Nxe5 17. a3 f6 18. Bb5+ Ke7 19. Nf3 Nxf3+ 20. Rxf3 Rd8 21. Rfd3 Bd7 22. Bxd7 Rxd7 23. Kf2 Rad8 24. Kf3 e5 25. Kg4 Ke6 26. h4 Rc8 27. c3 g6 28. g3 b5 29. b3 f5+ 30. Kg5 e4 31. Rd4 Rxc3 0-1

[Event "Prague Golden Rapid op 19th"]
[Site "Prague"]
[Date "2024.06.23"]
[Round "3"]
[White "Burdalev, Kirill"]
[Black "Svadlenka, Dominik"]
[Result "1-0"]
[WhiteElo "2282"]
[BlackElo "1983"]
[PlyCount "44"]
[EventDate "2024.06.23"]
[EventType "swiss (rapid)"]
[EventRounds "7"]
[EventCountry "CZE"]
[SourceTitle "EXT 2025"]
[Source "ChessBase"]
[SourceDate "2024.10.14"]
[SourceVersion "1"]
[SourceVersionDate "2024.10.14"]
[SourceQuality "1"]

1. d4 d5 2. c4 e6 3. Nf3 Nf6 4. Nc3 Be7 5. Bf4 0-0 6. e3 c5 7. dxc5 Na6 8. cxd5 exd5 9. Bxa6 bxa6 10. b4 a5 11. a3 Bb7 12. 0-0 axb4 13. axb4 a5 14. Qb3 axb4 15. Qxb4 Qc8 16. Bd6 Re8 17. Bxe7 Rxe7 18. c6 Rxa1 19. Rxa1 Rc7 20. cxb7 Rxb7 21. Qd4 h6 22. Nxd5 Nd7 1-0

[Event "Prague Golden Rapid op 19th"]
[Site "Prague"]
[Date "2024.06.23"]
[Round "6"]
[White "Svadlenka, Dominik"]
[Black "Ragula, Marian"]
[Result "1-0"]
[WhiteElo "1983"]
[BlackElo "1720"]
[PlyCount "76"]
[EventDate "2024.06.23"]
[EventType "swiss (rapid)"]
[EventRounds "7"]
[EventCountry "CZE"]
[SourceTitle "EXT 2025"]
[Source "ChessBase"]
[SourceDate "2024.10.14"]
[SourceVersion "1"]
[SourceVersionDate "2024.10.14"]
[SourceQuality "1"]

1. d4 d5 2. Nc3 Nf6 3. Bf4 c6 4. e3 g6 5. h4 Bg7 6. Be2 Bg4 7. Bxg4 h5 8. Be2 Nbd7 9. Nf3 b5 10. Ne5 b4 11. Nb1 Ne4 12. Nxd7 Qxd7 13. Nd2 f5 14. Nf3 a5 15. Be5 Bf6 16. g3 Qe6 17. Bd3 Rf8 18. Qe2 Kf7 19. Bf4 c5 20. Ne5+ Bxe5 21. Bxe5 c4 22. Bxe4 fxe4 23. c3 Ke8 24. 0-0 Rf3 25. Bf4 Qg4 26. Qd2 Kd7 27. cxb4 a4 28. Kg2 a3 29. Qc3 axb2 30. Qxb2 Qe6 31. a4 Qc6 32. b5 Qb6 33. Qb4 Ra5 34. Qc5 Qxc5 35. dxc5 e6 36. c6+ Kc8 37. b6 e5 38. Bxe5 Rf7 1-0

[Event "Usti nad Labem Chlumecky Rapid op"]
[Site "Usti nad Labem"]
[Date "2024.05.04"]
[Round "4"]
[White "Holes, Vojta"]
[Black "Svadlenka, Dominik"]
[Result "1-0"]
[WhiteElo "1723"]
[BlackElo "1930"]
[PlyCount "75"]
[EventDate "2024.05.04"]
[EventType "swiss (rapid)"]
[EventRounds "9"]
[EventCountry "CZE"]
[SourceTitle "CBM 220 Extra"]
[Source "ChessBase"]
[SourceDate "2024.07.31"]
[SourceVersion "1"]
[SourceVersionDate "2024.07.31"]
[SourceQuality "1"]

1. e4 c6 2. d4 d5 3. e5 c5 4. c3 Nc6 5. Nf3 Bg4 6. Be2 e6 7. Nbd2 Nge7 8. Nb3 cxd4 9. cxd4 Nf5 10. h3 Bxf3 11. Bxf3 Rc8 12. 0-0 Be7 13. Bg4 Nh4 14. f4 g6 15. g3 Nf5 16. Bxf5 gxf5 17. Qh5 Qb6 18. Be3 Rg8 19. Kh2 Rg7 20. g4 fxg4 21. f5 g3+ 22. Kg2 Nb4 23. f6 Bxf6 24. exf6 Rg6 25. Rac1 Rc2+ 26. Rxc2 Nxc2 27. Qe5 Qb5 28. Qb8+ Kd7 29. Nc5+ Kc6 30. Qc8+ Kb6 31. Qxb7+ Ka5 32. Qxa7+ Kb4 33. a3+ Kc4 34. Rc1 Qxb2 35. Qa4+ Kc3 36. Qa5+ Kc4 37. Qa6+ Kc3 38. Qd3# 1-0

[Event "Usti nad Labem Chlumecky Rapid op"]
[Site "Usti nad Labem"]
[Date "2024.05.04"]
[Round "6"]
[White "Lancaric, Tomas"]
[Black "Svadlenka, Dominik"]
[Result "0-1"]
[WhiteElo "1851"]
[BlackElo "1930"]
[PlyCount "64"]
[EventDate "2024.05.04"]
[EventType "swiss (rapid)"]
[EventRounds "9"]
[EventCountry "CZE"]
[SourceTitle "CBM 220 Extra"]
[Source "ChessBase"]
[SourceDate "2024.07.31"]
[SourceVersion "1"]
[SourceVersionDate "2024.07.31"]
[SourceQuality "1"]

1. e4 c5 2. Nf3 e6 3. d4 cxd4 4. c3 d3 5. Bxd3 Nc6 6. 0-0 d6 7. Re1 Be7 8. Nbd2 Nf6 9. Nf1 0-0 10. Qe2 a6 11. Rd1 Qc7 12. Bf4 b5 13. e5 Nd5 14. exd6 Bxd6 15. Bxd6 Qxd6 16. Bxh7+ Kxh7 17. Ng5+ Kh6 18. Ng3 g6 19. Qf3 Qf4 20. N3e4 Qxf3 21. gxf3 f5 22. Nxe6 Bxe6 23. Nc5 Bf7 24. Nd7 Rfd8 25. Nc5 a5 26. Re1 Nf4 27. Nb7 Rd7 28. Nc5 Rd5 29. Nb3 a4 30. Nc1 Rad8 31. Ne2 Nxe2+ 32. Rxe2 Rd1+ 0-1

[Event "Usti nad Labem Chlumecky Rapid op"]
[Site "Usti nad Labem"]
[Date "2024.05.04"]
[Round "3"]
[White "Svadlenka, Dominik"]
[Black "Holy, Filip"]
[Result "1/2-1/2"]
[WhiteElo "1930"]
[BlackElo "2056"]
[PlyCount "115"]
[EventDate "2024.05.04"]
[EventType "swiss (rapid)"]
[EventRounds "9"]
[EventCountry "CZE"]
[SourceTitle "CBM 220 Extra"]
[Source "ChessBase"]
[SourceDate "2024.07.31"]
[SourceVersion "1"]
[SourceVersionDate "2024.07.31"]
[SourceQuality "1"]

1. d4 d5 2. c4 c6 3. Nf3 Nf6 4. Nc3 a6 5. Bg5 Ne4 6. Bh4 Nxc3 7. bxc3 dxc4 8. e4 b5 9. Be2 g6 10. 0-0 Bg7 11. Qc2 0-0 12. a4 Nd7 13. d5 Bb7 14. d6 Bf6 15. Bg3 exd6 16. Bxd6 Be7 17. Bf4 Nc5 18. Rfd1 Qe8 19. Bh6 Bf6 20. Bxf8 Kxf8 21. e5 Bxe5 22. Nxe5 Qxe5 23. axb5 cxb5 24. Re1 Qe4 25. Qxe4 Bxe4 26. f3 Bc2 27. Ra2 Nd3 28. Bxd3 cxd3 29. Rea1 a5 30. Kf2 a4 31. Ke3 Re8+ 32. Kd4 Rd8+ 33. Kc5 d2 34. Rxc2 d1Q 35. Rxd1 Rxd1 36. Kxb5 a3 37. Ra2 Rb1+ 38. Kc4 Rb2 39. Rxa3 Rxg2 40. Kd5 Rxh2 41. c4 Rd2+ 42. Kc6 h5 43. c5 h4 44. f4 Rd4 45. f5 gxf5 46. Kb7 Kg7 47. c6 Rb4+ 48. Kc8 Rc4 49. c7 Kg6 50. Kd7 Kg5 51. c8Q Rxc8 52. Kxc8 h3 53. Rxh3 Kg4 54. Rh7 f4 55. Rxf7 f3 56. Kd7 Kg3 57. Rg7+ Kh2 58. Rf7 1/2-1/2

[Event "CZE-ch U14"]
[Site "Kouty nad Desnou"]
[Date "2024.03.16"]
[Round "9"]
[White "Svadlenka, Dominik"]
[Black "Srba, Daniel"]
[Result "1-0"]
[WhiteElo "1888"]
[BlackElo "1742"]
[PlyCount "63"]
[EventDate "2024.03.09"]
[EventType "swiss"]
[EventRounds "9"]
[EventCountry "CZE"]
[SourceTitle "CBM 219 Extra"]
[Source "ChessBase"]
[SourceDate "2024.05.31"]
[SourceVersion "1"]
[SourceVersionDate "2024.05.31"]
[SourceQuality "1"]

1. d4 d5 2. Nc3 e6 3. Bf4 Nf6 4. Nb5 Bd6 5. Nxd6+ cxd6 6. Nf3 0-0 7. e3 Nc6 8. c4 dxc4 9. Bxc4 d5 10. Bd3 Qa5+ 11. Qd2 Qxd2+ 12. Nxd2 Nb4 13. Bb1 Rd8 14. 0-0 b6 15. a3 Nc6 16. Bd3 Nh5 17. Bg5 f6 18. Bh4 g5 19. Bg3 Nxg3 20. hxg3 Nb8 21. b4 e5 22. Rac1 e4 23. Nxe4 f5 24. Nxg5 h6 25. Nf3 Be6 26. Rc7 Nd7 27. Nh4 Rf8 28. Rfc1 Kg7 29. R1c6 Rae8 30. Rxe6 Rxe6 31. Rxd7+ Kf6 32. Rxd5 1-0

[Event "Ricany op"]
[Site "Ricany"]
[Date "2023.08.27"]
[Round "2"]
[White "Svadlenka, Dominik"]
[Black "Pressler, Tobias"]
[Result "0-1"]
[WhiteElo "1515"]
[BlackElo "1912"]
[PlyCount "94"]
[EventDate "2023.08.26"]
[EventType "swiss"]
[EventRounds "9"]
[EventCountry "CZE"]
[SourceTitle "CBM 216 Extra"]
[Source "ChessBase"]
[SourceDate "2023.11.30"]
[SourceVersion "1"]
[SourceVersionDate "2023.11.30"]
[SourceQuality "1"]

1. d4 Nf6 2. c4 e6 3. Nf3 d5 4. Nc3 Be7 5. Bg5 0-0 6. e3 b6 7. cxd5 exd5 8. Bd3 Bb7 9. 0-0 c5 10. Rc1 Nbd7 11. dxc5 bxc5 12. b3 Rc8 13. Qc2 Qa5 14. Bxh7+ Nxh7 15. Bxe7 Rfe8 16. Ng5 Nxg5 17. Bxg5 d4 18. Qf5 Re6 19. exd4 g6 20. Qg4 cxd4 21. Na4 Rxc1 22. Bxc1 Ba6 23. Qxd4 Bxf1 24. Qxd7 Qe1 25. Qd8+ Re8 26. Bd2 Qxf2+ 27. Kxf2 Rxd8 28. Bg5 Rd5 29. Be3 Rf5+ 30. Kg3 a6 31. Nc3 Bd3 32. a4 Kf8 33. b4 Ke8 34. b5 axb5 35. axb5 Bxb5 36. Nxb5 Rxb5 37. h4 Kd7 38. Kg4 Ke6 39. Bf4 Rb4 40. g3 Rb5 41. Bd2 Rf5 42. Bf4 Kd5 43. Kf3 Kd4 44. g4 Rb5 45. g5 Rf5 46. Kg4 Ke4 47. Bg3 Rf1 0-1

[Event "Prague Golden op 18th"]
[Site "Prague"]
[Date "2023.06.25"]
[Round "9.1"]
[White "Jinova, Lucie"]
[Black "Svadlenka, Dominik"]
[Result "0-1"]
[WhiteElo "2068"]
[BlackElo "1398"]
[PlyCount "96"]
[EventDate "2023.06.25"]
[EventType "team-swiss"]
[EventRounds "9"]
[EventCountry "CZE"]
[SourceTitle "CBM 214 Extra"]
[Source "ChessBase"]
[SourceDate "2023.07.31"]
[SourceVersion "1"]
[SourceVersionDate "2023.07.31"]
[SourceQuality "1"]
[WhiteTeam "Ceska Lipa"]
[BlackTeam "Svadlenci"]
[WhiteTeamCountry "CZE"]
[BlackTeamCountry "CZE"]

1. e4 c6 2. d4 d5 3. e5 Bf5 4. Nc3 e6 5. g4 Bg6 6. Nge2 h6 7. h4 c5 8. h5 Bh7 9. f4 Nc6 10. Be3 cxd4 11. Nxd4 a6 12. a3 Nge7 13. Qd2 Nxd4 14. Bxd4 Nc6 15. Bf2 Qc7 16. 0-0-0 b5 17. Bd3 Bxd3 18. Qxd3 b4 19. axb4 Bxb4 20. Rhe1 Qa5 21. Re2 Qa1+ 22. Nb1 Na5 23. Be1 Nc4 24. c3 Bc5 25. Bf2 Bxf2 26. Rxf2 Rb8 27. Rdd2 Nxd2 28. Rxd2 Qa5 29. f5 Qb5 30. Qf3 exf5 31. gxf5 0-0 32. f6 Rfe8 33. Qg2 g6 34. hxg6 Rbd8 35. gxf7+ Kxf7 36. Qg7+ Ke6 37. Na3 Qf1+ 38. Rd1 Qf4+ 39. Kc2 Qxe5 40. Qg4+ Qf5+ 41. Qxf5+ Kxf5 42. Rf1+ Ke6 43. b4 Rf8 44. c4 Rxf6 45. cxd5+ Rxd5 46. Re1+ Re5 47. Rd1 Rf2+ 48. Kd3 Rd5+ 0-1

[Event "Prague Golden op 18th"]
[Site "Prague"]
[Date "2023.06.25"]
[Round "4.1"]
[White "Stanek, Ondrej1"]
[Black "Svadlenka, Dominik"]
[Result "1-0"]
[WhiteElo "2065"]
[BlackElo "1398"]
[PlyCount "113"]
[EventDate "2023.06.25"]
[EventType "team-swiss"]
[EventRounds "9"]
[EventCountry "CZE"]
[SourceTitle "CBM 214 Extra"]
[Source "ChessBase"]
[SourceDate "2023.07.31"]
[SourceVersion "1"]
[SourceVersionDate "2023.07.31"]
[SourceQuality "1"]
[WhiteTeam "Bohemians"]
[BlackTeam "Svadlenci"]
[WhiteTeamCountry "CZE"]
[BlackTeamCountry "CZE"]

1. e4 c6 2. d4 d5 3. Nd2 dxe4 4. Nxe4 Bf5 5. Ng3 Bg6 6. h4 h6 7. Nf3 Nd7 8. h5 Bh7 9. Bd3 Bxd3 10. Qxd3 e6 11. Bd2 Ngf6 12. 0-0-0 Bd6 13. Ne4 Nxe4 14. Qxe4 Nf6 15. Qd3 Qc7 16. Kb1 0-0-0 17. c4 c5 18. Qe2 Kb8 19. Bc3 Ka8 20. Ne5 Bxe5 21. dxe5 Nd7 22. Qg4 Rhg8 23. Rd6 Nb6 24. Rhd1 Rxd6 25. exd6 Qd7 26. Qe4 f6 27. Qh7 Rf8 28. b3 e5 29. Rd3 a6 30. Bd2 Rd8 31. Be3 Rc8 32. a4 a5 33. Bd2 Rc6 34. Qg8+ Ka7 35. Qf8 Ka6 36. Qe7 Ka7 37. Bxa5 Qxe7 38. dxe7 Re6 39. Bxb6+ Kxb6 40. Rd7 Kc6 41. e8Q Rxe8 42. Rxg7 f5 43. Rg6+ Kd7 44. Rxh6 Kd8 45. Rh7 b6 46. Kc2 Re6 47. Kd3 Ke8 48. Ke3 Kf8 49. f3 Kg8 50. Rb7 Rh6 51. g4 Kf8 52. gxf5 Rxh5 53. Ke4 Rh3 54. Kxe5 Rxf3 55. Kf6 Ke8 56. Rxb6 Re3 57. Re6+ 1-0

[Event "Prague Golden op 18th"]
[Site "Prague"]
[Date "2023.06.25"]
[Round "2.1"]
[White "Zigmund, David"]
[Black "Svadlenka, Dominik"]
[Result "0-1"]
[WhiteElo "1924"]
[BlackElo "1398"]
[PlyCount "120"]
[EventDate "2023.06.25"]
[EventType "team-swiss"]
[EventRounds "9"]
[EventCountry "CZE"]
[SourceTitle "CBM 214 Extra"]
[Source "ChessBase"]
[SourceDate "2023.07.31"]
[SourceVersion "1"]
[SourceVersionDate "2023.07.31"]
[SourceQuality "1"]
[WhiteTeam "Nymbursti Kolici"]
[BlackTeam "Svadlenci"]
[WhiteTeamCountry "CZE"]
[BlackTeamCountry "CZE"]

1. e4 c6 2. Nf3 d5 3. Nc3 dxe4 4. Nxe4 Bf5 5. Ng3 Bg6 6. h4 h5 7. d4 Nd7 8. Bd3 Bxd3 9. Qxd3 Ngf6 10. 0-0 e6 11. c4 Be7 12. Bg5 0-0 13. Rfe1 Re8 14. a3 a5 15. Rad1 Qc7 16. Ne5 Rad8 17. Qf3 c5 18. Nxh5 cxd4 19. Bxf6 Nxf6 20. Rd3 Rf8 21. g3 Nxh5 22. Qxh5 Bf6 23. Nf3 Qxc4 24. Red1 Rd5 25. Qg4 Rfd8 26. b3 Qc5 27. a4 b6 28. Nd2 Qc6 29. Ne4 e5 30. Qf3 Be7 31. Qf5 g6 32. Qg4 f5 33. Qf3 fxe4 34. Qxe4 Rc5 35. Qg4 Rc1 36. Kh2 Rxd1 37. Rxd1 Qf6 38. Rd2 Qf5 39. Qe2 Bb4 40. Rd3 e4 41. Rd1 Bc3 42. Qc2 Kg7 43. Rf1 Qf3 44. Qc1 Rd5 45. Qb1 d3 46. Qd1 Qxd1 47. Rxd1 Kf6 48. Kg2 Ke5 49. Kf1 Kd4 50. Kg2 Bb2 51. f4 e3 52. Kf3 e2 53. Re1 Bc3 54. Rxe2 dxe2 55. Kxe2 Bb4 56. Kf3 Kd3 57. g4 Bd2 58. g5 Rd4 59. f5 Rf4+ 60. Kg3 Rxf5 0-1

[Event "Prague Golden U18 op"]
[Site "Prague"]
[Date "2023.06.24"]
[Round "5"]
[White "Suchanek, Petr"]
[Black "Svadlenka, Dominik"]
[Result "0-1"]
[WhiteElo "1263"]
[BlackElo "1398"]
[PlyCount "54"]
[EventDate "2023.06.24"]
[EventType "swiss"]
[EventRounds "9"]
[EventCountry "CZE"]
[SourceTitle "CBM 215 Extra"]
[Source "ChessBase"]
[SourceDate "2023.09.30"]
[SourceVersion "1"]
[SourceVersionDate "2023.09.30"]
[SourceQuality "1"]

1. d4 d5 2. c4 e6 3. Nc3 Nf6 4. Nf3 Be7 5. Bg5 0-0 6. e3 Nbd7 7. Bd3 h6 8. Bh4 b6 9. Qc2 c5 10. 0-0 Bb7 11. cxd5 exd5 12. Bg3 Rc8 13. Rac1 Re8 14. Rfd1 Ne4 15. Nxd5 cxd4 16. Nxe7+ Qxe7 17. Qb1 Nxg3 18. hxg3 dxe3 19. Re1 exf2+ 20. Kxf2 Qd6 21. Rxe8+ Rxe8 22. Rc3 Nc5 23. Bb5 Ne4+ 24. Kg1 Nxc3 25. bxc3 Rc8 26. Qb3 Bxf3 27. gxf3 Qxg3+ 0-1

[Event "Prague Golden U18 op"]
[Site "Prague"]
[Date "2023.06.24"]
[Round "4"]
[White "Svadlenka, Dominik"]
[Black "Pasek, Josef"]
[Result "1/2-1/2"]
[WhiteElo "1398"]
[BlackElo "1475"]
[PlyCount "107"]
[EventDate "2023.06.24"]
[EventType "swiss"]
[EventRounds "9"]
[EventCountry "CZE"]
[SourceTitle "CBM 215 Extra"]
[Source "ChessBase"]
[SourceDate "2023.09.30"]
[SourceVersion "1"]
[SourceVersionDate "2023.09.30"]
[SourceQuality "1"]

1. d4 Nf6 2. c4 g6 3. Nc3 Bg7 4. e4 d6 5. Be2 0-0 6. Nf3 Na6 7. 0-0 e5 8. d5 Nc5 9. Qc2 a5 10. b3 Ne8 11. Nd2 f5 12. f3 Nf6 13. a3 fxe4 14. Ndxe4 Nfxe4 15. Nxe4 Nxe4 16. fxe4 Rxf1+ 17. Bxf1 Qf6 18. Be2 Bd7 19. Be3 Rf8 20. b4 axb4 21. axb4 b6 22. c5 bxc5 23. bxc5 Qh4 24. cxd6 cxd6 25. Bd3 Bh6 26. Qd2 Bf4 27. Bxf4 Qxf4 28. Qxf4 Rxf4 29. Ra6 Rf6 30. Ra7 Rf7 31. Be2 Kg7 32. Bf3 Bb5 33. Ra8 g5 34. Rb8 Bc4 35. Rb6 g4 36. Rc6 Bd3 37. Rc3 gxf3 38. Rxd3 fxg2 39. Kxg2 Rf4 40. Re3 Kf6 41. Kg3 h5 42. h4 Ke7 43. Re2 Kd7 44. Re3 Kc7 45. Rc3+ Kb7 46. Rc6 Rxe4 47. Rxd6 Re3+ 48. Kf2 Rh3 49. Re6 Rxh4 50. Rxe5 Kc7 51. Re6 Rd4 52. d6+ Kd7 53. Rh6 Rd5 54. Kf3 1/2-1/2

[Event "Ceske Budejovice op-B"]
[Site "Ceske Budejovice"]
[Date "2020.07.06"]
[Round "6"]
[White "Svadlenka, Dominik"]
[Black "Vavrousek, Petr"]
[Result "1-0"]
[WhiteElo "1350"]
[BlackElo "1605"]
[PlyCount "90"]
[EventDate "2020.07.01"]
[EventType "swiss"]
[EventRounds "9"]
[EventCountry "CZE"]
[SourceTitle "CBM 197 Extra"]
[Source "ChessBase"]
[SourceDate "2020.09.30"]
[SourceVersion "1"]
[SourceVersionDate "2020.09.30"]
[SourceQuality "1"]

1. d4 d5 2. c4 c6 3. Nf3 Nf6 4. Nc3 e6 5. Bg5 h6 6. Bh4 dxc4 7. e4 b5 8. e5 g5 9. Nxg5 hxg5 10. Bxg5 Be7 11. exf6 Bxf6 12. Bxf6 Qxf6 13. g3 Bb7 14. Bg2 a6 15. 0-0 Nd7 16. a4 b4 17. Ne4 Qe7 18. Qc2 a5 19. Qxc4 Ba6 20. Qxc6 0-0 21. Rfd1 Rfd8 22. Qc1 Rac8 23. Qg5+ Qxg5 24. Nxg5 Rc2 25. d5 e5 26. b3 Nf6 27. Rdc1 Rdc8 28. Re1 Kf8 29. Bf1 Bxf1 30. Rxf1 Nxd5 31. Rfe1 f6 32. Ne4 Ke7 33. Rad1 Nc3 34. Rd2 Rxd2 35. Nxd2 Rd8 36. Nc4 Rd5 37. f4 e4 38. g4 Ke6 39. f5+ Kf7 40. Kg2 Kg7 41. Kg3 Kh6 42. h4 Rd3+ 43. Re3 Nd5 44. Rxd3 exd3 45. Kf3 Nb6 1-0

[Event "Ceske Budejovice op-B"]
[Site "Ceske Budejovice"]
[Date "2020.07.04"]
[Round "4"]
[White "Svadlenka, Dominik"]
[Black "Josko, Jiri"]
[Result "1/2-1/2"]
[WhiteElo "1350"]
[BlackElo "1649"]
[PlyCount "85"]
[EventDate "2020.07.01"]
[EventType "swiss"]
[EventRounds "9"]
[EventCountry "CZE"]
[SourceTitle "CBM 197 Extra"]
[Source "ChessBase"]
[SourceDate "2020.09.30"]
[SourceVersion "1"]
[SourceVersionDate "2020.09.30"]
[SourceQuality "1"]

1. d4 Nf6 2. c4 e5 3. dxe5 Ng4 4. Nf3 Nc6 5. Bg5 Be7 6. Bxe7 Qxe7 7. Nc3 Ngxe5 8. Nxe5 Nxe5 9. e3 d6 10. Be2 Be6 11. Qb3 0-0 12. 0-0 c6 13. h3 b5 14. Rac1 Nxc4 15. Qc2 d5 16. Bf3 Ne5 17. Be2 g6 18. e4 d4 19. Nb1 Rad8 20. Qc5 Qxc5 21. Rxc5 d3 22. Bd1 Nc4 23. b3 Nb2 24. Nd2 Nxd1 25. Rxd1 a5 26. Rxc6 a4 27. Rc5 Rb8 28. Rc3 Rfd8 29. Nf3 f5 30. e5 axb3 31. axb3 Ra8 32. Rdxd3 Ra1+ 33. Kh2 Rda8 34. Nd4 b4 35. Rc7 Rd8 36. Rd2 Rb1 37. Rcc2 Bf7 38. e6 Be8 39. Nc6 Rxd2 40. Rxd2 Bxc6 41. Rd8+ Kg7 42. Rc8 Bb5 43. Rb8 1/2-1/2